LEADER 01145nam a2200265 u 4500 001 000000031585 003 CaOOAMICUS 005 20070226112145.0 008 971006s1980 it u000 u ita u 035 $a10771587 040 $aPUL$bita 130 0 $aBiblia.$pN.T.$pLucas.$lItaliano.$0(OLS)http://pul/title/158588 245 13$aIl Vangelo secondo Luca /$ccommento di Karl Heinrich Rengstorf ; edizione italiana a cura di Tommaso Federici. 260 $aBrescia :$bPaideia,$c1980. 300 $a496 p. ;$c21 cm 490 1 $aNuovo Testamento ;$v3 700 1 $aFederici, Tommaso,$d1927-$0(OLS)http://pul/name/903 700 1 $aRengstorf, Karl Heinrich,$d1903-.$tEvangelium nach Lukas$lItaliano.$0(OLS)http://pul/name/25191 830 0$aNuovo Testamento (Paideia) ;$v3.$0(OLS)http://pul/title/37005 850 $aPUL 852 $aPUL$W1$xSL Religione 1$y3$m1(7) M 10$j43614$nBK-PRI$b $qStampati$B43614$CPULBib$Z2$F43614 $H $81 941 1 $a8 961 $aINV: 48636 996 $6245$aIl Vangelo secondo Luca$9(OLS)http://pul/title/43442 996 $6260$aBrescia :$bPaideia$9(OLS)http://pul/publisher/47884 LEADER 01529nam a2200337 a 4500 001 000000148049 003 CaOOAMICUS 005 20151210112622.0 008 151210s2015 it u000 u ita r 020 $a978-88-6689-521-3* 032 $aLibriCat 040 $aPUL$bita 082 04$a348.45 100 1 $aBartolini, Francesco,$d1942-$0(OLS)http://pul/name/35926 245 10$aCommentario sistematico del diritto di famiglia /$cdi Francesco Bartolini, Michela Bartolini. 260 $aPiacenza :$bLa Tribuna,$cİ2015. 300 $a715 p. ;$c25 cm. 490 1 $aTribuna Commentari 500 $aSulla cop.: Oltre 60 percorsi monografici. Aggiornato con la riforma della giustizia civile (L. 10 novembre 2014, n. 162). 504 $aInclude riferimenti bibliografici ed indice. 650 4$aDiritto di famiglia$zItalia.$0(OLS)http://pul/subject/38585 700 1 $aBartolini, Michela.$0(OLS)http://pul/name/78725 830 0$aTribuna Commentari.$0(OLS)http://pul/title/140010 850 $aPUL 852 $aPUL$W1$xDP2 Diritto e Scienze Sociali 3$y110$m348. 45 COD 3.2.43$j170820$qDDC 21$B171870$CPULBib$Z2$F171870 $H126593 $81 941 1 $a9 996 $6020$a978-88-6689-521-3*$9(OLS)http://pul/number/159234 996 $6082$a348.45$9(OLS)http://pul/classification/373 996 $6245$aCommentario sistematico del diritto di famiglia$9(OLS)http://pul/title/186808 996 $6260$aPiacenza :$bLa Tribuna$9(OLS)http://pul/publisher/69734